| 000 | 01899nam a2200385Ia 4500 | ||
|---|---|---|---|
| 001 | ebr10152493 | ||
| 003 | CaPaEBR | ||
| 006 | m u | ||
| 007 | cr cn||||||||| | ||
| 008 | 060412s2006 ne a sb 101 0 eng d | ||
| 010 | _z 2006925645 | ||
| 020 | _z1586036122 (hd. bd.) | ||
| 020 | _z9781586036126 (hd. bd.) | ||
| 024 | 3 | _z9781586036126 (hd. bd.) | |
| 040 |
_aCaPaEBR _cCaPaEBR |
||
| 035 | _a(OCoLC)567966404 | ||
| 050 | 1 | 4 |
_aUA929.95.E43 _bN38 2006eb |
| 082 | 0 | 4 |
_a355.3/43 _222 |
| 111 | 2 |
_aNATO Advanced Research Workshop on Cyberwar-Netwar: Security in the Information Age _d(2003 : _cLisbon, Portugal) |
|
| 245 | 1 | 0 |
_aCyberwar-Netwar _h[electronic resource] : _bsecurity in the information age / _cedited by Fernando Duarte Carvalho and Eduardo Mateus da Silva. |
| 260 |
_aAmsterdam : _bIOS Press, _cc2006. |
||
| 300 |
_axiv, 159 p. : _bill. |
||
| 490 | 1 |
_aNATO security through science series. Series D, Information and communication security ; _vvol. 4 |
|
| 500 | _a"Proceedings of the NATO Advanced Research Workshop on Cyberwar-Netwar: Security in the Information Age, Lisbon, Portugal, 24-26 November, 2003"--T.p. verso. | ||
| 504 | _aIncludes bibliographical references and index. | ||
| 533 |
_aElectronic reproduction. _bPalo Alto, Calif. : _cebrary, _d2009. _nAvailable via World Wide Web. _nAccess may be limited to ebrary affiliated libraries. |
||
| 650 | 0 |
_aComputer networks _xSecurity measures _vCongresses. |
|
| 650 | 0 |
_aInformation warfare _vCongresses. |
|
| 655 | 7 |
_aElectronic books. _2local |
|
| 700 | 1 | _aCarvalho, Fernando Duarte. | |
| 700 | 1 | _aSilva, Eduardo Mateus da. | |
| 710 | 2 | _aebrary, Inc. | |
| 830 | 0 |
_aNATO security through science series. _nSeries D, _pInformation and communication security ; _vv. 4. |
|
| 856 | 4 | 0 |
_uhttp://site.ebrary.com/lib/rucke/Doc?id=10152493 _zAn electronic book accessible through the World Wide Web; click to view |
| 999 |
_c192348 _d192348 |
||